000 00996cam a22002531 4500
001 1415
005 20231204083642.0
020 _a0590426753
040 _aDLC
_cWa
_dDLC
_beng
050 0 0 _aPZ7.W244
_bSc
082 _a813.54
100 1 _aWarner, Gertrude Chandler
_d1890-1979
245 1 0 _aSchoolhouse mystery /
_c Gertrude Chandler Warner; illustrated by David Cunningham
250 _aFirst Scholastic printing, September 1990
260 _aNiles :
_bScholastic,
_c1965
300 _a128 pages :
_billustrations ;
_c20 cm
490 _aThe boxcar children
_vBook 10
505 _aO
520 _aHenry, Jessie, Violet, and Benny once lived on their own in a boxcar... The Boxcar Children are spending the summer in a tiny, quiet New England fishing village. The little schoolhouse doesn't have a proper teacher, so the Aldens are teaching!
521 _a640
_bLexile
521 _aO
_bRaz-Plus
906 _a7
_bcbc
_corignew
_du
_eocip
_f19
_gy-gencatlg
942 _2ddc
_cBK
_n0
999 _c1415
_d1415